000 00671nam a2200217Ia 4500
005 20250508162328.0
008 008 250505s9999 xx 000 0 eng d
020 _a92-3-101476-5
037 _aTextual
040 _aFEDL
_beng
_cFEDL
041 _aeng
_2eng
084 _a370.968 9, UNE
_qFEDL
100 _aO'Callaghan Marion
245 0 _aNamibia : the effects of apartheid on culture and education
245 0 _cUNESCO (Paris France)
260 _aParis, France
_bUnited Nation Educational Scientfic and Cultural Orgnization
_c1977
300 _a169p
650 _aEducation
942 _cTEXL
_h370.968 9, UNE
999 _c1375874
_d1375874